Guess The Celebrity Baby Picture #1 - Statistics

General Stats
  • This quiz has been taken 2,804 times
  • The average score is 7 of 16
Answer Stats
Picture Answer % Correct
Ed Sheeran
73%
Tom Hanks
73%
Bruno Mars
67%
Taylor Swift
65%
Scarlett Johansson
64%
Adele
60%
Kanye West
46%
Jake Gyllenhaal
45%
Nicki Minaj
41%
Margot Robbie
38%
George Clooney
37%
Mike Tyson
28%
Jennifer Aniston
25%
Victoria Beckham
23%
Cristiano Ronaldo
18%
Conor McGregor
14%
No matching quizzes found
Score Distribution
Percent of People with Each Score
Percentile by Number Answered
Your Score History
You have not taken this quiz